Tina nambara sākshī. (Record no. 89645)

MARC details
000 -LEADER
fixed length control field 00491cam a22002051 4500
001 - CONTROL NUMBER
control field sa 75904581
003 - CONTROL NUMBER IDENTIFIER
control field DLC
005 - DATE AND TIME OF LATEST TRANSACTION
control field 20260227112728.0
008 - FIXED-LENGTH DATA ELEMENTS--GENERAL INFORMATION
fixed length control field 050721s1975 xx 000 0 benr
010 ## - LIBRARY OF CONGRESS CONTROL NUMBER
LC control number sa 75904581
040 ## - CATALOGING SOURCE
Original cataloging agency DLC
Transcribing agency DLC
Modifying agency DLC
050 00 - LIBRARY OF CONGRESS CALL NUMBER
Classification number PK1718.M47
Item number T55
100 1# - MAIN ENTRY--PERSONAL NAME
Personal name Mitra, Bimal,
Dates associated with a name 1912-1991.
245 10 - TITLE STATEMENT
Title Tina nambara sākshī.
260 ## - PUBLICATION, DISTRIBUTION, ETC.
Date of publication, distribution, etc. 1382 [1975]
300 ## - PHYSICAL DESCRIPTION
Extent 160 p. ;
Dimensions 22 cm.
500 ## - GENERAL NOTE
General note In Bengali.
500 ## - GENERAL NOTE
General note A novel.
500 ## - GENERAL NOTE
General note Romanized.

No items available.

Powered by Koha